Statistics for Beautiful South Top 75 Uk Hits

Click here to take the quiz!

General Stats

  • This quiz has been taken 4 times
  • The average score is 16 of 32

Answer Stats

Chart PositionYearAnswer% Correct
#11990A Little Time
100%
#121994Everybody's Talkin
100%
#221992Old Red Eyes is Back
100%
#21998Perfect 10
100%
#51996Rotterdam
100%
#21989Song For Whoever
100%
#46199236D
75%
#81996Don't Marry Her
75%
#231994Good As Gold
75%
#431990My Book
75%
#141994One Last Love Song
75%
#181995Pretenders to the Throne
75%
#301992We Are Each Other
75%
#161998Dumb
50%
#511991Let Love Speak Up Itself
50%
#412006Manchester
50%
#371994Prettiest Eyes
50%
#81989You Keep it All In
50%
#161992Bell Bottomed Tear
25%
#231997Blackbird on the Wire
25%
#222000Closer Than Most
25%
#311989I'll Sail This Ship Alone
25%
#242004Livin Thing
25%
#592000The River/Just Checkin'
25%
#461999The Table
25%
#121999How Long's a Tear Take to Dry?
0%
#302003Just a Few Things That I Ain't
0%
#472003Let Go With the Flow
0%
#431997Liar's Bar
0%
#502001The Root of All Evil
0%
#432004This Old Skin
0%
#362005This Will be Our Year
0%

Score Distribution

Percentile by Number Answered

Percent of People with Each Score

Your Score History

You have not taken this quiz